History Quiz

Random History or Decade Quiz
Score 0/30 Timer 06:00
0 Plays Today
Date Answer % Correct
March 30, 1867Alaska
86.6%
June 3, 1761Venus
84.7%
December 25, 1962To Kill a Mockingbird
84.5%
August 15, 1769Napoleon Bonaparte
83.7%
January 24, 1965Winston Churchill
83.5%
July 30, 1966World Cup
82.8%
April 14, 1865John Wilkes Booth
81.1%
January 15, 1967Super Bowl
79.8%
March 31, 1968Lyndon B. Johnson
79.4%
October 5, 1969Monty Python
78.9%
July 1-3, 1863Gettysburg
77.7%
January 7, 1868Australia
77.5%
January 7, 1767Yale
76.1%
August 26, 1768James Cook
70.2%
October 25, 1760George III
68%
Date Answer % Correct
May 13, 1861Queen Victoria
67.6%
March 30/31, 1862Les Misérables
63.9%
October 17, 1860Open Championship
57%
July 30, 1766Elder
56.8%
January 1866Crime and Punishment
53.2%
May 1, 1960U-2
51.8%
January 17, 1961military-industrial
47.5%
February 10-15, 1763Seven Years' War
47.2%
October 14, 1964Nikita Khrushchev
46.9%
November 1, 1765Stamp Act
46%
1869Dmitri Mendeleev
39%
1762Jean-Jacques Rousseau
31.1%
November 8, 1864George McClellan
25.6%
October 15, 1764Edward Gibbon
21.4%
November 2, 1963Ngo Dinh Diem
17.9%
Remove Ads.
Support Sporcle.
Get the best of Sporcle when you Go Orange. This ad-free experience offers more features, more stats, and more fun while also helping to support Sporcle. Thank you for becoming a member.

You're not logged in!

Compare scores with friends on all Sporcle quizzes.
OR
Log In

Show Comments

Extras

Top Quizzes Today


Score Distribution

Your Account Isn't Verified!

In order to create a playlist on Sporcle, you need to verify the email address you used during registration. Go to your Sporcle Settings to finish the process.

Report this User

Report this user for behavior that violates our Community Guidelines.

Details: